Losowe państwa europejskie – wisielec - Statystyki

Ogólne statystyki
  • Ten quiz został rozwiązany 541 razy
  • Średni wynik to 4 z 6
Statystyki odpowiedzi
List % Poprawnych
A
100%
E
100%
A
96%
O
94%
O
94%
O
94%
O
94%
O
92%
A
91%
A
91%
A
89%
O
82%
C
81%
A
80%
A
80%
N
80%
L
79%
D
76%
O
76%
O
76%
R
76%
E
75%
K
71%
P
71%
S
71%
K
70%
N
70%
M
67%
K
65%
S
65%
L
62%
Ł
59%
E
54%
I
54%
C
53%
E
53%
W
53%
W
53%
B
51%
C
50%
C
50%
H
50%
I
50%
N
50%
Y
50%
Z
50%
H
47%
R
47%
Y
47%
G
46%
E
45%
M
44%
Y
44%
B
42%
S
42%
C
41%
I
37%
G
32%
J
32%
R
32%
Nie znaleziono quizów pasujących do podanych kryteriów
Rozkład punktacji
Procent ludzi z każdym wynikiem
Percentyl według liczby udzielonych odpowiedzi
Twoja historia wyników
Nie rozwiązałeś tego quizu